000
00191 a2200097 4500
001
27768
100
_a
RDA,
245
_a
Book home improvements
260
_a
_b
RDA
_c
090
_c
18561
_d
18561
942
_a
NUST-CAE
_c
M
_c
9515
999
_c
262841
_d
262841